LEADER 01159nam a2200265 u 4500 001 000000038891 003 CaOOAMICUS 005 20070226113928.0 008 980429s1963 fr u000 u fre u 035 $a10792914 040 $aPUL(R)$bita 100 1 $aLombois, Jean-Claude.$0(OLS)http://pul/name/28987 245 10$aDe L'influence de la santé sur l'existence des droits civils /$cJean-Claude Lombois. 260 $aParis :$bPichon,$c1963. 300 $a345 p. ;$c26 cm 500 $aIn testa al front.: Université de Poitiers. Faculté de droit et des sciences economiques. 502 $aDiss. (dottorato)--Université de Poitiers. Faculté de Droit, 1961. 504 $aBibliographie: p. 333-337. 650 4$aDiritti civili.$0(OLS)http://pul/subject/18107 850 $aPUL 852 $aPUL$W1$xSL Diritto e Scienze Sociali 1$y4$m172 C 5$j52933$nBK-PRI$b $qStampati$B52933$CPULBib$Z2$F52933 $H $81 941 1 $a8 961 $aINV: 24877 996 $6245$aDe L'influence de la santé sur l'existence des droits civils$9(OLS)http://pul/title/52717 996 $6260$aParis :$bPichon$9(OLS)http://pul/publisher/55511 LEADER 01399nam a2200289 u 4500 001 000000074889 003 CaOOAMICUS 005 20070226123035.0 008 021218s1988 it u000 u ita u 035 $a10949286 040 $aPUL$bita 245 03$aLa società post-industriale come società dell'informazione :$b2. anno : 11. corso nazionale di aggiornamento, 29 giugno - 4 luglio 1987 : materiali di base. 260 $a[S. l. :$bs. n.],$c1988. 300 $a79 p. ;$c21 cm 490 1 $aQuaderni di nostro cinema ;$v18 500 $aIn testa al front.: ACEC, ANCCI. 504 $aContiene indicazioni bibliografiche. 650 4$aInformatica e società.$0(OLS)http://pul/subject/25935 650 4$aMass media.$0(OLS)http://pul/subject/21149 650 4$aLinguaggio e informazione.$0(OLS)http://pul/subject/26096 830 0$aQuaderni di nostro cinema ;$v18.$0(OLS)http://pul/title/71617 850 $aPUL 852 $aPUL$W1$xSL Religione 2$y84$mRH D1 17$j96494$nBK-PRI$b $qStampati altre collocazioni$B96494$CPULBib$Z2$F96494 $H $81 941 1 $a10 961 $aINV: 85831 996 $6245$aLa società post-industriale come società dell'informazione :$b2. anno : 11. corso nazionale di aggiornamento, 29 giugno - 4 luglio 1987 : materiali di base$9(OLS)http://pul/title/98243 996 $6260$a[S. l. :$bs. n.]$9(OLS)http://pul/publisher/47882